| 000 | 00808nam a22002657a 4500 | ||
|---|---|---|---|
| 001 | 7925 | ||
| 003 | FISKH | ||
| 005 | 20250814093509.0 | ||
| 008 | 250814b cb ||||| |||| 00| 0 eng d | ||
| 040 |
_aFISKH _beng _cFISKH _dFISKH |
||
| 050 | _aPZ7 | ||
| 082 | _a 813 | ||
| 100 | _aBerger, Samantha | ||
| 245 |
_aWhere is Polka Dots? _cby Samantha Berger ; illustrated by David Levy |
||
| 260 |
_aNew York : _bScholastic, _c2002. |
||
| 300 |
_a32 unnumbered pages : _bcolor illustrations ; _c20 cm |
||
| 505 | _aG | ||
| 520 | _aHelp Blue find her bedtime friend. | ||
| 521 | 8 |
_a380
_bLexile estimate |
|
| 521 | 8 |
_aG
_bRaz-Plus |
|
| 650 |
_aBedtime _vChildren's Fantasy _xChildren's Fictionc _yPicture book |
||
| 700 |
_aLevy, David _eillustrator |
||
| 942 |
_2ddc _cBK _n0 |
||
| 999 |
_c7925 _d7925 |
||